[Event "11th Master Open"]
[Site "Voronezh RUS"]
[Date "2007.06.14"]
[Round "3"]
[White "Kokarev,Dm"]
[Black "Rozum,I"]
[Result "1-0"]
[WhiteElo "2546"]
[BlackElo "2358"]

1.e4 c5 2.Nf3 e6 3.d4 cxd4 4.Nxd4 a6 5.Bd3 Nf6 6.O-O Qc7 7.c4 Nc6 8.Nf3 Bd6
9.h3 O-O 10.Nc3 Ne5 11.Be3 b6 12.Nxe5 Bxe5 13.Qb3 Qc6 14.Qxb6 Bb7 15.Qxc6 Bxc6
16.f3 d5 17.exd5 exd5 18.Bf2 dxc4 19.Bxc4 Rfb8 20.Rfe1 Nd7 21.Rad1 Rxb2 22.Rxd7 Bxc3
23.Rxf7 Bxe1 24.Rb7+ Kh8 25.Rxb2 Bxf2+ 26.Kxf2 h6 27.h4 Bb5 28.Bb3 Rd8 29.Rc2 Re8
30.h5 Rd8 31.Rc7 Bd3 32.Ke3 Bf1 33.g4 Bd3 34.f4 Bb1 35.Ra7 Bd3 36.g5 hxg5
37.fxg5 Bh7 38.g6 Bg8 39.Rxa6 Ra8 40.Rd6 Rd8 41.Rd4 Re8+ 42.Kd3 Ra8 43.Kc3 Rc8+
44.Kb2 Rd8 45.Rb4 Rb8 46.a3 Ra8 47.a4 Rb8 48.Rb5 Rf8 49.Bxg8 Rb8 50.Bc4  1-0

[Event "11th Master Open"]
[Site "Voronezh RUS"]
[Date "2007.06.14"]
[Round "3"]
[White "Slizhevsky,A"]
[Black "Turkin,V"]
[Result "1-0"]
[WhiteElo "2452"]
[BlackElo "2299"]

1.e4 c5 2.Nf3 e6 3.d4 cxd4 4.Nxd4 a6 5.Bd3 Qc7 6.O-O Nf6 7.Qe2 d6 8.c4 Nc6
9.Nxc6 bxc6 10.f4 e5 11.f5 Be7 12.Nc3 Bb7 13.Bg5 h6 14.Be3 O-O 15.Rac1 Rfe8
16.Na4 Bf8 17.a3 Qe7 18.b4 Red8 19.Nb6 Rab8 20.c5 dxc5 21.Bxc5 Qc7 22.Bf2 a5
23.bxa5 Bxa3 24.Ra1 Bb4 25.a6 Ba8 26.Nxa8 Rxa8 27.Rfc1 Qd6 28.Bc4 c5 29.Rab1 Qe7
30.Rd1 Qc7 31.Rd3 Rxd3 32.Bxd3 Qd6 33.Rd1 Qb6 34.h3 Qc6 35.Bh4 Bc3 36.Rb1 Bd4+
37.Kh2 Kh7 38.Rb7 Kg8 39.Qa2 Nd7 40.Qd5 Qxd5 41.exd5 Nb6 42.a7 c4 43.Bxc4 Kh7
44.Bd3 Nxd5 45.f6+ g6 46.Rxf7+ Kg8 47.Bc4 Ne3  1-0

[Event "XXV Open"]
[Site "Novi Becej SRB"]
[Date "2007.06.15"]
[Round "7"]
[White "Nestorovic,L"]
[Black "Brkic,D SRB"]
[Result "0-1"]
[WhiteElo "2086"]
[BlackElo "2285"]

1.e4 c5 2.Nf3 e6 3.d4 cxd4 4.Nxd4 a6 5.Bd3 Nf6 6.O-O d6 7.c4 g6 8.Nc3 Bg7
9.Be3 O-O 10.Qe2 Qc7 11.f3 Nbd7 12.Rac1 Ne5 13.b4 Nxd3 14.Qxd3 Nd7 15.f4 b6
16.Rfd1 Rd8 17.Nf3 Bb7 18.Qxd6 Qxd6 19.Rxd6 Bf8 20.Rdd1 Bxb4 21.e5 Bxf3 22.gxf3 Bc5
23.Kf2 f5 24.Na4 Bxe3+ 25.Kxe3 Rab8 26.Rd6 Kf7 27.Rcd1 Ke7 28.h4 b5 29.c5 bxa4
30.c6 Nb6 31.c7 Nc4+ 32.Kf2 Nxd6 33.exd6+ Kd7 34.Ke3 Rb2 35.cxd8=Q+ Kxd8
36.Kd4 Rxa2 37.Ke5 Kd7 38.Kf6 Rh2 39.Ra1 Rxh4 40.Rxa4 Kxd6 41.Rxa6+ Kd5 42.Kg5 Rh5+
43.Kf6 Rh3 44.Ra5+ Kd4 45.Ra3 Rh1 46.Kxe6 Re1+ 47.Kf6 Rg1 48.Ra7 h5 49.Re7 Rg3
50.Re8 h4 51.Rh8 h3 52.Re8 h2 53.Rh8 Rg2  0-1

[Event "4th Alushta Summer"]
[Site "Alushta UKR"]
[Date "2007.06.16"]
[Round "2"]
[White "Tukhaev,A"]
[Black "Kovalev,An"]
[Result "0-1"]
[WhiteElo "2466"]
[BlackElo "2532"]

1.e4 c5 2.Nf3 e6 3.d4 cxd4 4.Nxd4 a6 5.Bd3 Bc5 6.Nb3 Ba7 7.Qe2 Nc6 8.Be3 d6
9.N1d2 Nf6 10.O-O O-O 11.Kh1 Bxe3 12.Qxe3 e5 13.c4 a5 14.a4 Be6 15.Be2 Nb4
16.Rfc1 Nd7 17.Nb1 Qh4 18.g3 Qe7 19.Nc3 f5 20.Qd2 fxe4 21.Nxe4 Nc5 22.Nbxc5 dxc5
23.Qe3 b6 24.Rc3 Rad8 25.Re1 Rd4 26.b3 Bd7 27.Bf3 Bc6 28.Ng5 Qb7 29.Kg1 Bxf3
30.Nxf3 Na2 31.Qxe5 Nxc3 32.Nxd4 cxd4 33.Qxd4 Qf3 34.Qd2 h6 35.h4 h5 36.Qc2 Rd8
37.Kh2 Rd3 38.c5 bxc5 39.Re8+ Kf7 40.Re5 g6 41.Rxc5 Rd1 42.Rc7+ Kf8 43.Rc8+ Ke7
44.Rc7+ Kd8  0-1

[Event "ch-COL"]
[Site "Cartagena de Indias COL"]
[Date "2007.06.16"]
[Round "4"]
[White "Martinez,Cr"]
[Black "Martinez,JA"]
[Result "0-1"]
[WhiteElo "2243"]
[BlackElo "2130"]

1.e4 c5 2.Nf3 e6 3.d4 cxd4 4.Nxd4 a6 5.Bd3 Nf6 6.Nc3 Qc7 7.O-O b5 8.a3 Bb7
9.Qe2 d6 10.f4 Nbd7 11.Be3 h5 12.h3 Be7 13.Rad1 Rc8 14.f5 e5 15.Nf3 Nb6 16.Bg5 Nc4
17.Bxc4 Qxc4 18.Qxc4 Rxc4 19.Bxf6 gxf6 20.Rfe1 Kd7 21.Re2 Rhc8 22.Ne1 b4
23.Nd5 Bxd5 24.Rxd5 bxa3 25.bxa3 Ra4 26.Kf2 Rxa3 27.Re3 Rxe3 28.Kxe3 Bd8
29.Kd3 Bb6 30.c3 Rg8 31.Ke2 Kc6 32.Kf3 h4 33.Ke2 a5 34.Rd2 Bc5 35.Kd3 d5
36.Ra2 dxe4+ 37.Kxe4 Kb5 38.Nf3 a4 39.Nxh4 a3 40.Kd3 e4+ 41.Kxe4 Kc4 42.Ra1 Kb3
43.Kd5 Be7 44.Nf3 Rxg2 45.Rb1+ Kc2 46.Rb7 a2 47.Ne1+ Kxc3 48.Nxg2 a1=Q 49.Rxe7 Qa2+
50.Kd6 Qxg2 51.Rxf7 Qg3+ 52.Ke7 Qe5+ 53.Kd7 Qxf5+ 54.Ke7 Qe5+ 55.Kf8 f5  0-1

[Event "11th Master Open"]
[Site "Voronezh RUS"]
[Date "2007.06.16"]
[Round "5"]
[White "Nadeev,S"]
[Black "Aganesova,E"]
[Result "1-0"]
[WhiteElo "2308"]
[BlackElo "1943"]

1.e4 c5 2.Nf3 e6 3.d4 cxd4 4.Nxd4 a6 5.Bd3 Nc6 6.Nxc6 dxc6 7.O-O e5 8.a4 a5
9.Na3 Be6 10.Qe2 Bxa3 11.Rxa3 Ne7 12.Bg5 f6 13.Be3 O-O 14.Bc4 Bxc4 15.Qxc4+ Kh8
16.Rb3 Qd7 17.Bc5 Rfe8 18.Qf7 Rad8 19.Rd3 Qc8 20.Rxd8 Qxd8 21.Bb6 Qc8 22.Rd1 Ng6
23.Rd7 Rg8 24.g3 c5 25.Bc7 b5 26.axb5 Qb7 27.Qc4 Qc8 28.Qd5 Nf8 29.Rf7 Qg4
30.Rxf8 Rxf8 31.b6 Qc8 32.Bd6 Rd8 33.b7 Qd7 34.b8=Q  1-0

[Event "ch-COL"]
[Site "Cartagena de Indias COL"]
[Date "2007.06.17"]
[Round "6"]
[White "Barrientos,S"]
[Black "Martinez,JA"]
[Result "1-0"]
[WhiteElo "2428"]
[BlackElo "2130"]

1.e4 c5 2.Nf3 e6 3.d4 cxd4 4.Nxd4 a6 5.Bd3 Qc7 6.O-O Nf6 7.Qe2 d6 8.f4 Nbd7
9.Nf3 b5 10.a4 b4 11.Nbd2 Bb7 12.Kh1 Be7 13.b3 Nc5 14.Bb2 d5 15.Bxf6 gxf6
16.f5 dxe4 17.Nxe4 e5 18.Rad1 Nxd3 19.cxd3 a5 20.Qe3 Ba6 21.Qh6 Qd8 22.Nxe5 fxe5
23.Qc6+ Kf8 24.f6 Ra7 25.fxe7+ Qxe7 26.Qh6+ Ke8 27.Nd6+  1-0

[Event "Open"]
[Site "Teplice CZE"]
[Date "2007.06.17"]
[Round "2"]
[White "Stastny,P"]
[Black "Luch,M"]
[Result "1/2-1/2"]
[WhiteElo "2040"]
[BlackElo "2336"]

1.e4 c5 2.Nf3 e6 3.d4 cxd4 4.Nxd4 a6 5.Bd3 Nf6 6.O-O Qc7 7.Nc3 Nc6 8.Be3 Ne5
9.h3 Bc5 10.Qe2 d6 11.f4 Ng6 12.Nb3 Bxe3+ 13.Qxe3 O-O 14.Rae1 b5 15.Nd4 b4
16.Nce2 e5 17.fxe5 dxe5 18.Nf5 Bb7 19.Qf3 Qc6 20.Neg3 Qb6+ 21.Kh1 Nf4 22.Ne2 Nxd3
23.cxd3 Qe6 24.Neg3 Nd7 25.Qg4 g6 26.Nh6+ Kh8 27.Nxf7+ Qxf7 28.Rxf7 Rxf7
29.Rf1 Rxf1+ 30.Nxf1 Nc5 31.Qg3 Re8 32.Nd2 Bc6 33.Nc4 Nd7 34.Qg5 Kg7 35.Nd6 Re6
36.Nf5+ Kf7 37.Nh6+ Ke8 38.Qd2 a5 39.Qf2 Rf6 40.Qc2 Kd8 41.Qc4 Kc7 42.Kg1 Kb6
43.Ng4 Rd6 44.Ne3 Nc5 45.Nd5+ Bxd5 46.exd5 Nd7 47.d4 exd4 48.Qxd4+ Kb5 49.a3  1/2-1/2

[Event "III Perla Baltyku A"]
[Site "Mielno POL"]
[Date "2007.06.18"]
[Round "1"]
[White "Chojnacki,K"]
[Black "Fistek,D"]
[Result "1-0"]
[WhiteElo "2372"]
[BlackElo "2164"]

1.e4 c5 2.Nf3 e6 3.d4 cxd4 4.Nxd4 a6 5.Bd3 Nf6 6.O-O Qc7 7.c4 d6 8.Nc3 Be7
9.Be3 Nbd7 10.Rc1 b6 11.f4 Bb7 12.f5 Nc5 13.fxe6 fxe6 14.Bb1 Qd7 15.b4 Ncxe4
16.Nxe4 Nxe4 17.Bxe4 Bxe4 18.Qg4 Bf5 19.Nxf5 exf5 20.Qxg7 O-O-O 21.Qf7 Rdf8
22.Qd5 Kc7 23.Bh6 Rfg8 24.Rxf5 Rg6 25.Bf4 Qc6 26.Rf7 Qxd5 27.cxd5+ Kd8 28.Re1 Bg5
29.Ra7 Bf6 30.Re6 Bd4+ 31.Kf1 Rxg2 32.Kxg2 Rg8+ 33.Kf3  1-0

[Event "III Perla Baltyku A"]
[Site "Mielno POL"]
[Date "2007.06.18"]
[Round "1"]
[White "Panocki,A"]
[Black "Kveinys,A"]
[Result "0-1"]
[WhiteElo "2292"]
[BlackElo "2546"]

1.e4 c5 2.Nf3 e6 3.d4 cxd4 4.Nxd4 a6 5.Bd3 Nf6 6.O-O Qc7 7.c4 Bc5 8.Nb3 Be7
9.Be3 d6 10.a4 Nbd7 11.a5 O-O 12.Nc3 Re8 13.f4 Bf8 14.Qf3 g6 15.e5 dxe5 16.fxe5 Nxe5
17.Qxf6 Nxd3 18.Bd4 e5 19.Nd5 Qd7 20.Nb6 Qe6 21.Nxa8 Qxf6 22.Rxf6 exd4 23.Nc7 Rd8
24.Raf1 Nxb2 25.Rxf7 Bf5 26.R7xf5 gxf5 27.Ne6 Rd6 28.Nbxd4 Rxd4 29.Nxd4 Bc5
30.Rf4 Nd3 31.Rxf5 Bxd4+ 32.Kf1 Ne5 33.Ke2 Bc3 34.Ke3 Nxc4+ 35.Kd3 Nd6 36.Rd5 Bb4
37.Kd4 Kf7 38.Ke5 Nc4+ 39.Kd4 Nxa5  0-1

[Event "Open"]
[Site "Teplice CZE"]
[Date "2007.06.19"]
[Round "5"]
[White "Luch,M"]
[Black "Dziuba,M"]
[Result "1/2-1/2"]
[WhiteElo "2336"]
[BlackElo "2525"]

1.e4 c5 2.Nf3 e6 3.d4 cxd4 4.Nxd4 a6 5.Bd3 g6 6.O-O Bg7 7.Be3 Ne7 8.Qe2 d5
9.c3 e5 10.Nb3 O-O 11.Bc5 Nd7 12.Bxe7 Qxe7 13.exd5 f5 14.f3 Nf6 15.c4 Nh5
16.Nc3 Nf4 17.Qc2 b6 18.Rad1 Qd6 19.Rfe1 Bd7 20.Bf1 Rac8 21.Qd2 Rfe8 22.g3 Nh5
23.Qf2 Bf8 24.Kh1 g5 25.g4 Nf4 26.gxf5 Bxf5 27.Ne4 Qg6 28.c5 Bxe4  1/2-1/2

[Event "11th Master Open"]
[Site "Voronezh RUS"]
[Date "2007.06.21"]
[Round "9"]
[White "Kravtsiv,M"]
[Black "Stukopin,A"]
[Result "1-0"]
[WhiteElo "2448"]
[BlackElo "2307"]

1.e4 c5 2.Nf3 e6 3.d4 cxd4 4.Nxd4 a6 5.Bd3 Qc7 6.O-O Nc6 7.Nxc6 dxc6 8.Nd2 e5
9.b3 Ne7 10.Nc4 Ng6 11.Be3 b5 12.Nb6 Rb8 13.Nxc8 Qxc8 14.a4 Bb4 15.c4 O-O
16.Qc2 Nf4 17.Rfd1 Ne6 18.Be2 bxa4 19.Rxa4 Qb7 20.Bg4 Nd4 21.Bxd4 exd4 22.Rxd4 Rfd8
23.Qd3 Rxd4 24.Qxd4 Be7 25.g3 Qxb3 26.Rxa6 Rd8 27.Qa7 Qb1+ 28.Kg2 Qxe4+ 29.Bf3 Qe1
30.Rxc6 Bf8 31.Rc7 Rd2 32.Rc8 Qe6 33.Qc5 Qd6 34.Qxd6 Rxd6 35.c5 Rd2 36.c6 Rc2
37.c7 g6 38.Bb7 Kg7 39.Rxf8 Rxc7 40.Rb8 h5 41.Bd5 h4 42.Rb7  1-0

[Event "Open"]
[Site "Pula CRO"]
[Date "2007.06.24"]
[Round "2"]
[White "Plenca,J"]
[Black "Saric,Ib"]
[Result "0-1"]
[WhiteElo "2211"]
[BlackElo "2507"]

1.e4 c5 2.Nf3 e6 3.d4 cxd4 4.Nxd4 a6 5.Bd3 Bc5 6.Nb3 Be7 7.O-O d6 8.c4 Nf6
9.Nc3 b6 10.Be3 Bb7 11.f4 Nbd7 12.Qf3 Qc7 13.Qg3 g6 14.Bd4 e5 15.fxe5 Nxe5
16.Nd5 Bxd5 17.cxd5 Nfd7 18.Rac1 Qd8 19.Be2 Bf6 20.Qf2 Bg7 21.Rc6 O-O 22.Bxb6 Nxb6
23.Rxb6 f5 24.Rb4 a5 25.Rb7 a4 26.Nd2 Qg5 27.Nc4 Nxc4 28.Bxc4 fxe4 29.Qe1 Rxf1+
30.Bxf1 Bd4+ 31.Kh1 Rf8 32.Rb4 Qd2  0-1

[Event "White Nights"]
[Site "St Petersburg RUS"]
[Date "2007.06.25"]
[Round "1"]
[White "Eliseev,Alexe"]
[Black "Busygina,A"]
[Result "1-0"]
[WhiteElo "2429"]
[BlackElo "2069"]

1.e4 c5 2.Nf3 e6 3.d4 cxd4 4.Nxd4 a6 5.Bd3 Bc5 6.c3 Nc6 7.Be3 Qb6 8.Qb3 Qa7
9.Nxc6 dxc6 10.Bxc5 Qxc5 11.Qa3 Qg5 12.Nd2 Qe7 13.Qxe7+ Nxe7 14.Nc4 O-O 15.Nb6 Rb8
16.O-O-O e5 17.Bc4 Ng6 18.Rd6 Nf4 19.g3 Nh3 20.f3 Re8 21.Rhd1 Ng5 22.h4 Ne6
23.b4 Kf8 24.Bb3 h6 25.Nc4 Nc7 26.Rd8 f6 27.Nb6 Bh3 28.Rxb8 Rxb8 29.g4 Re8
30.Rg1 Ne6 31.Nd7+ Ke7 32.Bxe6  1-0

[Event "King's Gambit B"]
[Site "Lipetsk RUS"]
[Date "2007.06.26"]
[Round "6"]
[White "Ajrapetian,G"]
[Black "Szieberth,A"]
[Result "1/2-1/2"]
[WhiteElo "2269"]
[BlackElo "2321"]

1.e4 c5 2.Nf3 e6 3.d4 cxd4 4.Nxd4 a6 5.Bd3 Bc5 6.Nb3 Be7 7.Qg4 g6 8.Qe2 d6
9.O-O Nc6 10.Be3 Bf6 11.c3 Nge7 12.f4 O-O 13.Na3 Bg7 14.Nc2 Qc7 15.a4 b6
16.Ncd4 Nxd4 17.cxd4 Bb7 18.Nd2 f5 19.e5 Nd5 20.Nc4 dxe5 21.dxe5 Nxe3 22.Qxe3 Rfd8
23.Be2 Bf8 24.Kh1 Bc5 25.Qc3 b5 26.Na5 b4 27.Qb3 Bd5 28.Nc4 Bf8 29.Rac1 Rac8
30.Qg3 Qa7 31.b3 Rc7 32.Rfd1 Rcd7 33.Qe1 Bc5 34.Bf3 Bxf3 35.gxf3 Qa8 36.Qe2 Rd4
37.Nd6 Qd5 38.Rxd4 Qxd4 39.Qc4 Qxc4 40.Rxc4 Bxd6 41.exd6 a5 42.Rc6 Kf7 43.Kg2 Ke8
44.Ra6 Rc8 45.Rxa5 Rc3 46.Ra7 Rxb3 47.Rxh7 Ra3 48.Re7+ Kd8 49.Rxe6 b3 50.Rxg6 Rxa4
51.Rg8+ Kd7 52.Rb8 Kxd6 53.Rxb3 Ke6 54.Kg3 Ra1 55.Rb2 Kf6 56.Rb6+ Kg7 57.Kh4 Rg1
58.Kh5 Rg2 59.h4 Rg3 60.Rb7+ Kf6 61.Kh6 Rg6+ 62.Kh7 Rg3 63.h5 Rxf3 64.Rb4 Kf7
65.h6 Rf2 66.Rb7+ Kf6 67.Rb4 Kf7 68.Kh8 Re2 69.Rb7+ Kg6 70.Rb6+ Kf7 71.Kh7 Re4
72.Rb7+ Kf6 73.Kg8 Re8+ 74.Kh7 Re4  1/2-1/2

[Event "White Nights"]
[Site "St Petersburg RUS"]
[Date "2007.06.26"]
[Round "2"]
[White "Bazhenova,D"]
[Black "Kopasov,A"]
[Result "1/2-1/2"]
[WhiteElo "1894"]
[BlackElo "2063"]

1.e4 c5 2.Nf3 e6 3.d4 cxd4 4.Nxd4 a6 5.Bd3 Qc7 6.O-O Nf6 7.Nc3 Nc6 8.Be3 Nxd4
9.Bxd4 Bc5 10.Bxc5 Qxc5 11.Qe2 d6 12.Rfe1 b5 13.e5 dxe5 14.Qxe5 Qxe5 15.Rxe5 Bb7
16.a4 b4 17.Ne4 Bxe4 18.Bxe4 Nxe4 19.Rxe4 a5 20.Re5 Ke7 21.Rd1 Rac8 22.c3 bxc3
23.bxc3 Rxc3 24.Rxa5 Rd8 25.Ra7+ Kf6 26.Rb1 Rb3 27.Rc1 Rd2 28.g3 Rf3 29.Rf1 Ra2
30.Kg2 Rfa3 31.Rd1 Rxa4 32.Rb7 Ra7 33.Rb8 Ra8 34.Rb4 g5 35.Rd7 R2a7 36.Rd3 Kg6
37.h4 Ra4 38.Rdd4 Rxb4 39.Rxb4 h5 40.hxg5 Kxg5 41.Rb7 f6 42.Rg7+ Kf5 43.Rh7 Kg6
44.Rb7 e5 45.Kf3 Rf8 46.Ke4 Re8 47.Rd7 f5+ 48.Kd5 e4 49.Kd4 Re6 50.Ke3 Kg5
51.Rd8 Rg6 52.Rh8 Kg4 53.Rh7 Ra6 54.Rg7+ Kh3 55.Kf4 Ra5 56.Rg5 Kg2 57.Rxh5 Kxf2
58.Rh2+ Kf1 59.Rb2 Rd5 60.Rh2 Rd3 61.Kxf5 e3 62.g4 e2 63.Rxe2 Kxe2 64.g5 Kf3
65.g6 Ra3 66.g7 Ra8  1/2-1/2

[Event "Narciso Yepes Mem"]
[Site "Lorca ESP"]
[Date "2007.06.27"]
[Round "5"]
[White "Plaskett,J"]
[Black "Spraggett,K"]
[Result "0-1"]
[WhiteElo "2499"]
[BlackElo "2631"]

1.e4 c5 2.Nf3 e6 3.d4 cxd4 4.Nxd4 a6 5.Bd3 Nf6 6.O-O d6 7.c4 Nbd7 8.Nc3 Be7
9.Qe2 O-O 10.b3 Re8 11.Bb2 g6 12.Rad1 Bf8 13.Kh1 Bg7 14.Bb1 b6 15.Ba3 Bf8
16.f4 Bb7 17.e5 dxe5 18.fxe5 Bxa3 19.exf6 Bf8 20.Qd2 Nc5 21.Qg5 Qc7 22.h4 Nd7
23.h5 Qe5 24.Nf5 Qxc3 25.Rxd7 exf5 26.Rxb7 Re1 27.Qf4 Rxf1+ 28.Qxf1 Re8 29.Qd3 Qe1+
30.Kh2 Qh4+  0-1

[Event "Open"]
[Site "Pula CRO"]
[Date "2007.06.28"]
[Round "7"]
[White "Bellia,F"]
[Black "Schneider,Ve"]
[Result "1/2-1/2"]
[WhiteElo "2405"]
[BlackElo "2238"]

1.e4 c5 2.Nf3 e6 3.d4 cxd4 4.Nxd4 a6 5.Bd3 Bc5 6.Nb3 Be7 7.Qg4 g6 8.Qe2 d6
9.O-O b6 10.a4 Nc6 11.Na3 Bb7 12.a5 Nf6 13.Nc4 b5 14.Nb6 Rb8 15.c4 bxc4 16.Bxc4 O-O
17.Bxa6 Bxa6 18.Qxa6 Nxa5 19.Nxa5 Rxb6 20.Qe2  1/2-1/2

[Event "Asian Youth GU18"]
[Site "Tashkent UZB"]
[Date "2007.06.28"]
[Round "1"]
[White "Muminova,N"]
[Black "Sivasankari,P"]
[Result "1-0"]
[WhiteElo "2138"]
[BlackElo "2069"]

1.e4 c5 2.Nf3 e6 3.d4 cxd4 4.Nxd4 a6 5.Bd3 Nf6 6.O-O Qc7 7.Qe2 d6 8.c4 g6
9.f4 Bg7 10.Be3 O-O 11.Nc3 Nbd7 12.Kh1 b6 13.Rad1 Bb7 14.Bc1 e5 15.Nf3 Rfe8
16.fxe5 Nxe5 17.Nxe5 Rxe5 18.Bf4 Ree8 19.Qf3 h5 20.Bc2 Re6 21.b3 Ng4 22.Nd5 Bxd5
23.Rxd5 Rae8 24.h3 Ne5 25.Qf2 Rc8 26.Bb1 Rce8 27.a3 Rf6 28.Qe2 Rfe6 29.Qf2 Rf6
30.Qg1 Nd7 31.Bg3 Rfe6 32.Qf2 Rf6 33.Qe2 Rfe6 34.Qf2 Rf6 35.Qe2 Rfe6 36.Qd2 Ne5
37.Qe2 Nc6 38.Qd2 Ne5 39.Rd1 Rd8 40.Ba2 Kh7 41.Rf1 Rf8 42.Rd1 Rd8 43.Rc1 Nc6
44.Re1 Ne7 45.Rd3 Nc6 46.Rd5 Ne5 47.Rd1 Kg8 48.Qe2  1-0

[Event "DS"]
[Site "Brno CZE"]
[Date "2007.06.29"]
[Round "1"]
[White "Vymazal,B"]
[Black "Vyskocil,N"]
[Result "1-0"]
[WhiteElo "2284"]
[BlackElo "2349"]

1.e4 c5 2.Nf3 e6 3.d4 cxd4 4.Nxd4 a6 5.Bd3 Nf6 6.Nc3 d6 7.O-O b5 8.a4 b4
9.Na2 Bb7 10.Bg5 Be7 11.Re1 d5 12.e5 Nfd7 13.Bxe7 Qxe7 14.a5 Qc5 15.Qg4 g6
16.Nb3 Qc7 17.Nxb4 Nxe5 18.Qd4 Nbd7 19.f4 Nxd3 20.Rxe6+ fxe6 21.Qxh8+ Nf8
22.Nxd3 Qxc2 23.Re1 Bc8 24.Nbc5 Kf7 25.b4 Qd2 26.Ne5+ Ke8 27.Ncd3 Qc3 28.Qf6 Qc7
29.Rc1 Qe7 30.Qxe7+ Kxe7 31.Rc7+ Kd6 32.Rc6+ Ke7 33.Nc5 Rb8 34.Rc7+ Kd6 35.Rf7 Rxb4
36.Rxf8 Rb1+ 37.Kf2 Kxc5 38.Rxc8+ Kd4 39.Nf3+ Kd3 40.Rc6  1-0

[Event "Asian Youth GU16"]
[Site "Tashkent UZB"]
[Date "2007.06.30"]
[Round "3"]
[White "Padmini,R"]
[Black "Uthra,P"]
[Result "1-0"]
[WhiteElo "2212"]
[BlackElo "2063"]

1.e4 c5 2.Nf3 e6 3.d4 cxd4 4.Nxd4 a6 5.Bd3 Bc5 6.Nb3 Ba7 7.Qe2 Nc6 8.O-O Qc7
9.Nc3 Nf6 10.Be3 Bxe3 11.Qxe3 Ng4 12.Qg3 Qxg3 13.hxg3 b5 14.Be2 Nf6 15.a3 d6
16.f4 Bb7 17.Bf3 Rd8 18.e5 dxe5 19.Nc5 Ba8 20.Nxa6 Ke7 21.Nc7 Bb7 22.N7xb5 exf4
23.gxf4 Nd5 24.Nxd5+ exd5 25.Rfe1+ Kf6 26.Rad1 Ne7 27.g3 h5 28.Re5 Ng6 29.Rxh5 Rhe8
30.Kf2 Rc8 31.c3 Rc5 32.Nd6 Rb8 33.Rf5+ Ke6 34.Nxb7 Rxb7 35.Bxd5+ Kxf5 36.Bxb7 Ne7
37.Rd7 Rb5  1-0

[Event "King's Gambit B"]
[Site "Lipetsk RUS"]
[Date "2007.07.01"]
[Round "13"]
[White "Ajrapetian,G"]
[Black "Truskavetsky,A"]
[Result "1-0"]
[WhiteElo "2269"]
[BlackElo "2377"]

1.e4 c5 2.Nf3 e6 3.d4 cxd4 4.Nxd4 a6 5.Bd3 g6 6.O-O Bg7 7.c3 Ne7 8.a4 O-O
9.Nd2 Nbc6 10.N2b3 d5 11.Nxc6 bxc6 12.a5 Rb8 13.Ra3 e5 14.Qe2 Ra8 15.Nc5 Qd6
16.b4 f5 17.f3 Qf6 18.exf5 gxf5 19.Bxa6 Bxa6 20.Nxa6 Qd6 21.Be3 d4 22.cxd4 exd4
23.Bf2 Nd5 24.Qc4 Be5 25.h3 h5 26.f4 Bxf4 27.Bxd4 Rfe8 28.Bc5 Qe5 29.Rxf4 Qxf4
30.Qxf4 Nxf4 31.Nc7 Re1+ 32.Kf2 Re2+ 33.Kf3 Rc8 34.Bd6 Re4 35.Bxf4  1-0

[Event "Asian Youth GU18"]
[Site "Tashkent UZB"]
[Date "2007.07.01"]
[Round "4"]
[White "Gevorgyan,I"]
[Black "Sivasankari,P"]
[Result "1-0"]
[WhiteElo "2085"]
[BlackElo "2069"]

1.e4 c5 2.Nf3 e6 3.d4 cxd4 4.Nxd4 a6 5.Bd3 Nf6 6.O-O Qc7 7.Qe2 d6 8.Be3 Nbd7
9.Nc3 b5 10.a3 Bb7 11.f4 Be7 12.Kh1 O-O 13.Bf2 Rfd8 14.Bg3 g6 15.Bh4 Re8
16.Qe1 Bf8 17.Nf3 Bg7 18.Nd2 Rac8 19.Qe2 Nc5 20.Rac1 Nfd7 21.Ndb1 Nb6 22.b4 Ncd7
23.Nd1 Nc4 24.Ne3 Bb2 25.Rcd1 Nxe3 26.Qxe3 Nb6 27.c3 Na4 28.Bf6 Qd7 29.f5 Rxc3
30.Qh6  1-0

[Event "ch-BEL Expert"]
[Site "Namur BEL"]
[Date "2007.07.03"]
[Round "4"]
[White "Werksma,A"]
[Black "Duric,S"]
[Result "1/2-1/2"]
[WhiteElo "2287"]
[BlackElo "2214"]

1.e4 c5 2.Nf3 e6 3.d4 cxd4 4.Nxd4 a6 5.Bd3 Nc6 6.Nxc6 bxc6 7.O-O d5 8.Nd2 Nf6
9.b3 Be7 10.Bb2 Bb7 11.Qe2 Qc7 12.exd5 cxd5 13.Nf3 O-O 14.Ne5 Ne4 15.c4 Bd6
16.cxd5 exd5 17.Nf3 Rfe8 18.Qc2 Qxc2 19.Bxc2 Rac8 20.Bd3 g6 21.Bd4 Nc5 22.Rfd1 Nxd3
23.Rxd3 Rc2 24.Be3 f5 25.Nd4 Rc7 26.Rad1 Be5 27.Nf3 Bg7 28.Bd4 Bh6 29.Be3 Bg7
30.Bd4 Bh6  1/2-1/2

[Event "Asian Youth GU16"]
[Site "Tashkent UZB"]
[Date "2007.07.05"]
[Round "7"]
[White "Pon,N"]
[Black "Uthra,P"]
[Result "1-0"]
[WhiteElo "2072"]
[BlackElo "2063"]

1.e4 c5 2.Nf3 e6 3.d4 cxd4 4.Nxd4 a6 5.Bd3 Nf6 6.O-O Qc7 7.Qe2 d6 8.c4 g6
9.Nc3 Bg7 10.Be3 O-O 11.f4 Nbd7 12.Rac1 b6 13.h3 Bb7 14.b4 Rfd8 15.Qf2 Rac8
16.Nb3 Ba8 17.Rfd1 Qb8 18.a4 Bf8 19.g4 d5 20.cxd5 Bxb4 21.Na2 Rxc1 22.Bxc1 Bc5
23.Nxc5 Nxc5 24.Qd4 e5 25.fxe5 Nxd5 26.Bc4 Ne6 27.Qf2 Ndc7 28.Rf1 Rd7 29.Nc3 b5
30.axb5 axb5 31.Nxb5 Qf8 32.Nxc7 Nxc7 33.e6 Nxe6 34.Bxe6 Rc7  1-0

[Event "DS"]
[Site "Brno CZE"]
[Date "2007.07.07"]
[Round "10"]
[White "Pakhomov,A"]
[Black "Vyskocil,N"]
[Result "0-1"]
[WhiteElo "2449"]
[BlackElo "2349"]

1.e4 c5 2.Nf3 e6 3.d4 cxd4 4.Nxd4 a6 5.Bd3 Qc7 6.O-O Nf6 7.Nc3 Nc6 8.Nb3 Be7
9.f4 d6 10.Be3 O-O 11.Qf3 Nb4 12.g4 Nd7 13.Rad1 b5 14.g5 Re8 15.Qg3 Bb7 16.h4 Bf8
17.h5 Nc5 18.f5 Ncxd3 19.cxd3 exf5 20.Rxf5 Nxa2 21.Nxa2 Qc2 22.Nc3 Qxb3 23.Rdf1 b4
24.Bd4 bxc3 25.bxc3 Re7 26.g6 fxg6 27.hxg6 h6 28.Qf3 Ree8 29.Rf7 Qe6 30.Rxb7 Qxg6+
31.Kh1 Re7 32.Rg1 Qf7 33.Qxf7+ Rxf7 34.Rxf7 Kxf7 35.Rb1 g5 36.c4 h5 37.Rb7+ Kg6
38.Rb6 Kf7 39.e5 dxe5 40.Bxe5 a5 41.d4 a4 42.c5 a3 43.Rf6+ Ke8 44.Rf1 a2
45.Ra1 Kd7 46.Kg2 Kc6 47.Kf3 Kd5 48.Bf6 Ra3+ 49.Ke2 Bh6  0-1

[Event "6th IM"]
[Site "Condom FRA"]
[Date "2007.07.07"]
[Round "1"]
[White "Navarrete Delgado,S"]
[Black "Van Elst,A"]
[Result "1/2-1/2"]
[WhiteElo "2213"]
[BlackElo "2294"]

1.e4 c5 2.Nf3 e6 3.d4 cxd4 4.Nxd4 a6 5.Bd3 Nf6 6.O-O Qc7 7.Nd2 d6 8.a4 b6
9.a5 bxa5 10.Nc4 e5 11.Ne2 Nc6 12.Bg5 Be7 13.Qd2 O-O 14.Bxf6 Bxf6 15.Nxa5 Be6
16.Rfd1 Rfc8 17.Qc3 Qb6 18.Nxc6 Rxc6 19.Qa5 Qb7 20.b4 Bd8 21.Qa3 a5 22.b5 Rc5
23.Nc3 Be7 24.Qb2  1/2-1/2

[Event "Ladoga Summer"]
[Site "Novaya Ladoga RUS"]
[Date "2007.07.07"]
[Round "3"]
[White "Sedov,Alek2"]
[Black "Mishuchkov,N"]
[Result "1/2-1/2"]
[WhiteElo "2260"]
[BlackElo "2358"]

1.e4 c5 2.Nf3 e6 3.d4 cxd4 4.Nxd4 a6 5.Bd3 Nf6 6.O-O Qc7 7.c4 Bd6 8.h3 Bf4
9.Nd2 Nc6 10.Nxc6 Qxc6 11.Qe2 d6 12.Nb3 Bxc1 13.Raxc1 b6 14.Rfe1 O-O 15.a3 e5
16.Nd2 Nd7 17.b4 Re8 18.Nb1 Nf8 19.Nc3 Ne6 20.Qe3 Rb8  1/2-1/2

[Event "Open A"]
[Site "Oberwart AUT"]
[Date "2007.07.07"]
[Round "1"]
[White "Mueller,Max1"]
[Black "Kovalev,An"]
[Result "0-1"]
[WhiteElo "2080"]
[BlackElo "2529"]

1.e4 c5 2.Nf3 e6 3.d4 cxd4 4.Nxd4 a6 5.Bd3 Bc5 6.Nb3 Ba7 7.O-O Nc6 8.Qe2 d6
9.Be3 Nf6 10.Bxa7 Rxa7 11.Nc3 b5 12.a3 O-O 13.Rad1 Qb6 14.Kh1 b4 15.axb4 Nxb4
16.f4 e5 17.h3 Rc7 18.Nc1 Re8 19.fxe5 dxe5 20.Qf2 Qxf2 21.Rxf2 Be6 22.N1e2 Rd8
23.Ra1 Nd7 24.Nc1 Nc5 25.Rf3 g6 26.Kh2 Kg7 27.Ra5 f6 28.g4 Nxc2  0-1

[Event "ChIP"]
[Site "Paris FRA"]
[Date "2007.07.07"]
[Round "1"]
[White "Pile,R"]
[Black "Moradiabadi,E"]
[Result "0-1"]
[WhiteElo "2277"]
[BlackElo "2540"]

1.e4 c5 2.Nf3 e6 3.d4 cxd4 4.Nxd4 a6 5.Bd3 Bc5 6.Nb3 Be7 7.c4 d6 8.O-O Nf6
9.Nc3 b6 10.Be3 Bb7 11.f3 O-O 12.Qd2 Nbd7 13.Qf2 Rb8 14.Rfd1 Qc7 15.Rac1 Rfe8
16.Kh1 Ba8 17.Nd4 Rbc8 18.Bf1 Qb8 19.Qg1 Kh8 20.Nb3 Bd8 21.Bf4 Bc7 22.c5 bxc5
23.Bxa6 Bb7 24.Bxb7 Qxb7 25.Bxd6 Bxd6 26.Rxd6 c4 27.Nd4 Qxb2 28.Ndb5 Qb4
29.Rdd1 Rf8 30.Qa7 Ne5 31.Rb1 Qc5 32.Qxc5 Rxc5 33.Kg1 g5 34.Kf2 Kg7 35.Ke3 Ra8
36.a4 Nfd7 37.Nd6 Rc6 38.Rb5 Kf6 39.h4 Ke7 40.Nb7 gxh4 41.f4 Nd3 42.Na5 Rc7
43.Nxc4 Rxc4 44.Kxd3 Rac8 45.Rb3 R4c6 46.Ra3 Rg8 47.e5 Rg3+ 48.Kd4 Nb6  0-1

[Event "Open"]
[Site "Banska Stiavnica SVK"]
[Date "2007.07.08"]
[Round "2"]
[White "Machalova,V"]
[Black "Zpevak,P"]
[Result "0-1"]
[WhiteElo "2197"]
[BlackElo "2423"]

1.e4 c5 2.Nf3 e6 3.d4 cxd4 4.Nxd4 a6 5.Bd3 Nf6 6.O-O Qc7 7.Qe2 d6 8.c4 g6
9.b3 Bg7 10.Bb2 O-O 11.Kh1 Nbd7 12.Nc2 b6 13.Nd2 Bb7 14.Bd4 Nc5 15.Rac1 Rad8
16.b4 Ncd7 17.Ba1 Rc8 18.f4 Bh6 19.Rce1 Nh5 20.g3 Nhf6 21.Kg1 Bg7 22.a3 Rfd8
23.Rd1 b5 24.Rc1 bxc4 25.Bxc4 Nxe4 26.Nxe4 Bxe4 27.Bxa6 Qb6+ 28.Ne3 Rxc1
29.Rxc1 Ra8 30.Bxg7 Kxg7 31.b5 Nf6 32.Kf1 d5 33.Qd2 d4 34.Nc4 Qc5 35.Qb2 Bd3+
36.Ke1 Bxc4 37.Qb4 Qxb4+ 38.axb4 Bd5 39.Rd1 Ne8 40.Rc1 Kf6 41.Kd2 Nd6 42.Rc7 Rb8
43.Kd3 Nxb5 44.Bxb5 Rxb5 45.Kxd4  0-1

[Event "Lake Sevan"]
[Site "Martuni ARM"]
[Date "2007.07.08"]
[Round "3"]
[White "Vovk,Y"]
[Black "Macieja,B"]
[Result "1/2-1/2"]
[WhiteElo "2523"]
[BlackElo "2616"]

1.e4 c5 2.Nf3 e6 3.d4 cxd4 4.Nxd4 a6 5.Bd3 d6 6.O-O Nf6 7.c4 Be7 8.Nc3 O-O
9.Qe2 Re8 10.Kh1 b6 11.Bg5 Nfd7 12.Bxe7 Qxe7 13.Rad1 Bb7 14.Qd2 Rd8 15.Bb1 Ne5
16.b3 Nbc6 17.f4 Ng6 18.f5 Nge5 19.f6 gxf6 20.Nde2 Kh8 21.Ng3 Rg8 22.Nh5 f5
23.exf5 Qh4 24.Nf4 Ng4 25.g3 Qh6 26.fxe6 fxe6 27.Be4 Raf8 28.Qe2 e5 29.Bxc6 Bxc6+
30.Nfd5 b5 31.Rxf8 Qxf8 32.Rf1 Qg7 33.Ne4 bxc4 34.bxc4 Rd8 35.h3 Nh6 36.Kh2 Ng8
37.Qe3 Rf8 38.Rd1 Qg6 39.Ndc3 Nf6 40.Nf2  1/2-1/2